ბათუმის შოთა რუსთაველის სახელმწიფო უნივერსიტეტის ბიბლიოთეკა

ექო : (ბიბ.ჩანაწერი № 61570)

000 -LEADER
fixed length control field 00769nam a22001817a 4500
005 - DATE AND TIME OF LATEST TRANSACTION
control field 20240326100224.0
008 - FIXED-LENGTH DATA ELEMENTS--GENERAL INFORMATION
fixed length control field 240326c2003 ge ||||| |||| 00| 0 geo d
022 ## - INTERNATIONAL STANDARD SERIAL NUMBER
International Standard Serial Number 0134-983x
041 ## - LANGUAGE CODE
Language code of text/sound track or separate title geo
245 ## - TITLE STATEMENT
Title ექო :
Remainder of title 2003. ჟურნალი ეძღვნება მემედ- ბეგ აბაშიძის დაბადებიდან 130 წლისთავს /
Statement of responsibility, etc. რედაქტორი რეზო ტაკიძე.
260 ## - PUBLICATION, DISTRIBUTION, ETC.
Place of publication, distribution, etc. ბათუმი,
Date of publication, distribution, etc. 2003.
300 ## - PHYSICAL DESCRIPTION
Extent V.
653 ## - INDEX TERM--UNCONTROLLED
Uncontrolled term ექო
653 ## - INDEX TERM--UNCONTROLLED
Uncontrolled term საზოგადოებრივი ჟურნალი
653 ## - INDEX TERM--UNCONTROLLED
Uncontrolled term პერიოდიკა
700 ## - ADDED ENTRY--PERSONAL NAME
Personal name ტაკიძე, რეზო
Relator term რედაქტორი
9 (RLIN) 9941
942 ## - ADDED ENTRY ELEMENTS (KOHA)
Source of classification or shelving scheme
Koha item type პერიოდიკა
ეგზემპლარები
Withdrawn status Lost status Source of classification or shelving scheme Damaged status Not for loan Permanent Location Current Location Date acquired Serial Enumeration / chronology Barcode Date last seen Copy number Uniform Resource Identifier Price effective from Koha item type
          ბათუმის შოთა რუსთაველის სახელმწიფო უნივერსიტეტის მთავარი ბიბლიოთეკა ბათუმის შოთა რუსთაველის სახელმწიფო უნივერსიტეტის მთავარი ბიბლიოთეკა 2024-03-26 # 3(11) 2003 81179 2024-03-26 81179 ბსუ-ს საპატიო დოქტორის გურამ ლორთქიფანიძის საჩუქარი 2024-03-26 პერიოდიკა